<?xml version="1.0" encoding="UTF-8"?><?xml-stylesheet type="text/xsl" href="static/style.xsl"?><OAI-PMH xmlns="http://www.openarchives.org/OAI/2.0/" xmlns:xsi="http://www.w3.org/2001/XMLSchema-instance" xsi:schemaLocation="http://www.openarchives.org/OAI/2.0/ http://www.openarchives.org/OAI/2.0/OAI-PMH.xsd"><responseDate>2026-04-13T00:55:39Z</responseDate><request verb="GetRecord" identifier="oai:www.recercat.cat:2072/462910" metadataPrefix="marc">https://recercat.cat/oai/request</request><GetRecord><record><header><identifier>oai:recercat.cat:2072/462910</identifier><datestamp>2024-11-04T04:14:03Z</datestamp><setSpec>com_2072_98</setSpec><setSpec>col_2072_378192</setSpec></header><metadata><record xmlns="http://www.loc.gov/MARC21/slim" xmlns:dcterms="http://purl.org/dc/terms/" xmlns:xsi="http://www.w3.org/2001/XMLSchema-instance" xmlns:doc="http://www.lyncode.com/xoai" xsi:schemaLocation="http://www.loc.gov/MARC21/slim http://www.loc.gov/standards/marcxml/schema/MARC21slim.xsd">
   <leader>00925njm 22002777a 4500</leader>
   <datafield ind2=" " ind1=" " tag="042">
      <subfield code="a">dc</subfield>
   </datafield>
   <datafield ind2=" " ind1=" " tag="720">
      <subfield code="a">Zhou, Xudong</subfield>
      <subfield code="e">author</subfield>
   </datafield>
   <datafield ind2=" " ind1=" " tag="720">
      <subfield code="a">Dorado, Antonio David</subfield>
      <subfield code="e">author</subfield>
   </datafield>
   <datafield ind2=" " ind1=" " tag="720">
      <subfield code="a">Lafuente Sancho, Francisco Javier</subfield>
      <subfield code="e">author</subfield>
   </datafield>
   <datafield ind2=" " ind1=" " tag="720">
      <subfield code="a">Gamisans Noguera, Xavier</subfield>
      <subfield code="e">author</subfield>
   </datafield>
   <datafield ind2=" " ind1=" " tag="720">
      <subfield code="a">Gabriel, David</subfield>
      <subfield code="e">author</subfield>
   </datafield>
   <datafield ind2=" " ind1=" " tag="260">
      <subfield code="c">2022</subfield>
   </datafield>
   <datafield ind2=" " ind1=" " tag="520">
      <subfield code="a">Altres ajuts: acords transformatius de la UAB</subfield>
   </datafield>
   <datafield ind2=" " ind1=" " tag="520">
      <subfield code="a">Glycerol can be converted to ethanol, 1,3-propanediol, formate, acetate, propionate, and inorganic carbon under anaerobic conditions through oxidative and reductive pathways in the absence and presence of sulfate. A structured mathematical model considering multiple pathways of glycerol fermentation combined with sulfate reduction was set up in this work, where three mechanisms were proposed and verified by modeling. Finally a mechanism properly predicting both glycerol fermenting and sulfate-reducing processes was chosen. Concentrations of multiple intermediates measured in batch activity tests were satisfactorily described by the model. The intermediate products of glycerol fermentation included formate, propionate, ethanol, 1,3-propanediol, and 3-hydroxypropionate (3HP). The main pathways of glycerol fermentation were the oxidative pathway to produce ethanol and the reductive pathway to produce 1,3-propanediol. The former accounted for 40.6% of the total glycerol converted whereas the latter accounted for 42.6%. 1,3-propanediol was converted to 3HP coupled to sulfate reduction. 3HP was mainly further oxidized to acetate. The kinetic parameters of maximum specific uptake rates of substrate were calibrated and then, the sulfate reduction process was validated. The confidence intervals of estimated parameters were assessed according to the Fisher information matrix (FIM) method. The low confidence intervals obtained indicated that the experimental behavior was satisfactorily described with the proposed kinetic model.</subfield>
   </datafield>
   <datafield ind1="8" ind2=" " tag="024">
      <subfield code="a">http://hdl.handle.net/2072/462910</subfield>
   </datafield>
   <datafield tag="653" ind2=" " ind1=" ">
      <subfield code="a">Intermediate fermentation products</subfield>
   </datafield>
   <datafield tag="653" ind2=" " ind1=" ">
      <subfield code="a">Kinetic parameters</subfield>
   </datafield>
   <datafield tag="653" ind2=" " ind1=" ">
      <subfield code="a">Maximum specific uptake rates</subfield>
   </datafield>
   <datafield tag="653" ind2=" " ind1=" ">
      <subfield code="a">Mechanistic model</subfield>
   </datafield>
   <datafield tag="653" ind2=" " ind1=" ">
      <subfield code="a">Sulfate reducing bacteria</subfield>
   </datafield>
   <datafield ind2="0" ind1="0" tag="245">
      <subfield code="a">Mechanistic modeling of glycerol fermenting and sulfate-reducing processes by granular sludge under sulfidogenic conditions</subfield>
   </datafield>
</record></metadata></record></GetRecord></OAI-PMH>